000 00403nam a2200121Ia 4500
008 220901s9999||||xx |||||||||||||| ||und||
082 _a621.384 15 ACM
100 _aACM(Association Computing Machinery)
_914237
245 0 _aACM mobile computing and communication review
250 _aVol. 14 Issue No. 1,2,3 & 4
260 _bACM(Association Computing Machinery)
_c2010
650 _aMobile communication
999 _c193630
_d193630